Procedimiento tributario municipal de la ciudad de Buenos Aires /
Guardado en:
| Autor Principal: | |
|---|---|
| Autor Corporativo: | |
| Otros Autores: | |
| Formato: | Libro |
| Idioma: | Spanish |
| Publicado: |
Buenos Aires :
Depalma,
1978.
|
| Materias: | |
| Etiquetas: |
Agregar Etiqueta
Sin Etiquetas, Sea el primero en etiquetar este registro!
|
| LEADER | 00755nam a22001935a 4500 | ||
|---|---|---|---|
| 001 | EAD.ead000412 | ||
| 008 | 060526s1978####ag#####g#l####000#0#spa#d | ||
| 005 | 20101115162422.0 | ||
| 245 | 1 | 0 | |a Procedimiento tributario municipal de la ciudad de Buenos Aires / |c Carlos M. Giuliani Fonrouge, Susana C. Navarrine. |
| 260 | |a Buenos Aires : |b Depalma, |c 1978. | ||
| 300 | |a xi, 116 p. ; |c 23 cm. | ||
| 100 | 1 | |a Giuliani Fonrouge, Carlos M. | |
| 700 | 1 | |a Navarrine, Susana C. | |
| 710 | 1 | 2 | |a Argentina. |t Ley no. 19.987. |
| 082 | 0 | 4 | |a 336.2014 |2 21 |
| 650 | 7 | |a Impuestos locales. |2 unbist | |
| 653 | |a Procedimiento tributario | ||
| 859 | |a AR-BaBDC |b BIB. ADMINISTRACION - Libros |h 336.2014 |i G448 |p b01686 | ||
| 859 | |a AR-BaBDC |b BIB. ADMINISTRACION - Libros |h 336.2014 |i G448 |p b05321 |t Ej.2 | ||
